000 00630nam a2200181Ia 4500
008 090630s9999 xx 000 0 und d
082 _b18478
100 _aटोळ दत्ता श्री.
245 _aपुंगीवाला.
_cटोळ दत्ता श्री.
260 _bकारजे - जगताप - पुणे.
_c1970
300 _a27
600 _aटोळ दत्ता श्री.
630 _aपुंगीवाला.
655 _aबालवाङमय.
700 _aटोळ दत्ता श्री.
730 _aपुंगीवाला.
942 _cBOOK
999 _c270334
_d270334